Economic policy (Registro nro. 3305)

Detalles MARC
000 -LEADER
fixed length control field 01064 a2200265 4500
001 - CONTROL NUMBER
control field 40776
005 - DATE AND TIME OF LATEST TRANSACTION
control field 20260407155703.0
008 - FIXED-LENGTH DATA ELEMENTS--GENERAL INFORMATION
fixed length control field 260407a2010 arg spa d
003 - CONTROL NUMBER IDENTIFIER
control field AR-UNSa-BCEJYS
040 ## - CATALOGING SOURCE
Original cataloging agency AR-UNSa-BCEJYS
Language of cataloging spa
Transcribing agency AR-UNSa-BCEJYS
080 ## - UNIVERSAL DECIMAL CLASSIFICATION NUMBER
Universal Decimal Classification number 338.22
Common auxiliary subdivision Política económica en general
020 ## - INTERNATIONAL STANDARD BOOK NUMBER
International Standard Book Number 978-0-19-532273-6
041 ## - LANGUAGE CODE
Language code of text/sound track or separate title spa
100 1# - MAIN ENTRY--PERSONAL NAME
Personal name Bénassy-Quéré, Agnes
245 10 - TITLE STATEMENT
Title Economic policy
Name of part/section of a work Theory and practice
264 #1 - PRODUCTION, PUBLICATION, DISTRIBUTION, MANUFACTURE, AND COPYRIGHT NOTICE
Place of production, publication, distribution, manufacture New York :
Name of producer, publisher, distributor, manufacturer Oxford University Press
Date of production, publication, distribution, manufacture, or copyright notice 2010
300 ## - PHYSICAL DESCRIPTION
Extent xii, 709 p.
Dimensions 24 cm.
505 ## - FORMATTED CONTENTS NOTE
Formatted contents note 1. Concepts - 2. Economic policy in a complex world - 3. Fiscal policy - 4. Monetary policy - 5. International financial integration and foreign-exchange policy - 6. Growth Policies - 7. Tax Policy - 8. Economic policy and the 2007-09 crisis<br/><br/>
590 ## - LOCAL NOTE (RLIN)
Local note niveau_biblio:m niveau_hierar:0
700 1# - ADDED ENTRY--PERSONAL NAME
Personal name Coeuré, Benoit
700 1# - ADDED ENTRY--PERSONAL NAME
Personal name Jacquet, Pierre
700 1# - ADDED ENTRY--PERSONAL NAME
Personal name Pisani-Ferry, Jean
856 41 - ELECTRONIC LOCATION AND ACCESS
Uniform Resource Identifier <a href="https://biblioeco.unsa.edu.ar/pmb/images/libros/L126238.jpg">https://biblioeco.unsa.edu.ar/pmb/images/libros/L126238.jpg</a>
Link text Imagen de portada
Electronic format type image/jpeg
942 ## - ADDED ENTRY ELEMENTS (KOHA)
Koha item type
Existencias
Withdrawn status Lost status Damaged status Not for loan Home library Current library Shelving location Date acquired Total checkouts Full call number Barcode Date last seen Price effective from Koha item type
        Biblioteca Prof. Eusebio Cleto del Rey Biblioteca Prof. Eusebio Cleto del Rey   07/04/2026   338.22 E19 L126238 07/04/2026 07/04/2026 Libro